[Event "FIDE World Blitz 2014"]
[Site "Dubai UAE"]
[Date "2014.06.20"]
[Round "19.47"]
[White "Glek, Igor"]
[Black "Kayumov, Sergey"]
[Result "1-0"]
[WhiteTitle "GM"]
[BlackTitle "GM"]
[WhiteElo "2438"]
[BlackElo "2505"]
[WhiteFideId "4100484"]
[BlackFideId "14200880"]
[EventDate "2014.06.19"]

1. e4 d6 2. f4 Nf6 3. Nc3 c6 4. d4 g6 5. Nf3 Bg7 6. Bd3 O-O 7. O-O b5 8. e5 Ne8
9. Qe1 a5 10. Qh4 f6 11. Bd2 Nc7 12. Rae1 b4 13. Ne4 Nd5 14. e6 h6 15. f5 g5 16.
Qg3 c5 17. dxc5 dxc5 18. Nxc5 Qb6 19. Qf2 Na6 20. Nd7 Qxf2+ 21. Rxf2 Rd8 22. Be4
Bb7 23. Nd4 Rac8 24. c3 bxc3 25. Bxc3 Nc5 26. Bxa5 Nxe4 27. Rxe4 Re8 28. Re1 Nf4
29. Rd2 h5 30. Bb4 g4 31. Nc5 Bd5 32. Ne2 Nxg2 33. Rxd5 Nxe1 34. Bxe1 Bh6 35.
Bf2 Rb8 36. b3 Ra8 37. a4 Rec8 38. b4 Bg5 39. b5 1-0

[Event "FIDE World Blitz 2014"]
[Site "Dubai UAE"]
[Date "2014.06.20"]
[Round "19.48"]
[White "Breckenridge, Steven James"]
[Black "Michalik, Peter"]
[Result "1-0"]
[WhiteTitle "FM"]
[BlackTitle "GM"]
[WhiteElo "2299"]
[BlackElo "2557"]
[WhiteFideId "2043700"]
[BlackFideId "14907526"]
[EventDate "2014.06.19"]

1. e4 e5 2. Nf3 Nc6 3. Bb5 Nf6 4. d3 Bc5 5. O-O Nd4 6. Bc4 d6 7. c3 Nxf3+ 8.
Qxf3 Qe7 9. h3 Bb6 10. a4 a5 11. Bg5 h6 12. Bxf6 Qxf6 13. Qxf6 gxf6 14. Nd2 f5
15. Kh2 fxe4 16. Nxe4 f5 17. Nf6+ Kd8 18. Rae1 Rf8 19. Nh7 Rh8 20. Nf6 c6 21. f4
d5 22. Bb3 e4 23. c4 Rf8 24. Nh5 dxc4 25. Bxc4 e3 26. Rf3 Bd4 27. Ng3 Bd7 28.
Nf1 Bxb2 29. Nxe3 b5 30. Bb3 Bd4 31. Nc2 Bb6 32. d4 Kc7 33. Rc3 Kd6 34. d5 cxd5
35. Rd1 Be6 36. axb5 a4 37. Bxd5 Bxd5 38. Rc6+ Ke7 39. Rxd5 Rfb8 40. Re5+ Kd7
41. Rd5+ Ke7 42. Re5+ Kf7 43. Rxf5+ Kg7 44. Rff6 Bd8 45. Rg6+ Kf7 46. Rxh6 a3
47. Nxa3 Rxa3 48. Rh7+ Kg8 49. Rd7 Rb3 50. Rg6+ Kf8 51. Rh6 Kg8 52. Rg6+ Kf8 53.
Rh6 Kg8 54. f5 R3xb5 55. f6 R5b7 56. f7+ Kg7 57. Rh8 Be7 1-0

[Event "FIDE World Blitz 2014"]
[Site "Dubai UAE"]
[Date "2014.06.20"]
[Round "19.49"]
[White "Omar, Noaman"]
[Black "Vakhidov, Jahongir"]
[Result "1-0"]
[WhiteTitle "IM"]
[BlackTitle "IM"]
[WhiteElo "2366"]
[BlackElo "2471"]
[WhiteFideId "9300244"]
[BlackFideId "14201801"]
[EventDate "2014.06.19"]

1. d4 g6 2. c4 Bg7 3. e4 d6 4. Nc3 Nc6 5. Be3 Nf6 6. f3 O-O 7. Nge2 a6 8. h4 h5
9. Qd2 Na5 10. Nf4 b5 11. O-O-O c5 12. dxc5 Nxc4 13. Bxc4 bxc4 14. cxd6 e5 15.
Nfd5 Qxd6 16. Nxf6+ Qxf6 17. Qd6 Qxd6 18. Rxd6 Be6 19. Rhd1 Bf6 20. Bg5 Bxg5+
21. hxg5 Kg7 22. Rc6 Rfc8 23. Rdd6 Rxc6 24. Rxc6 h4 25. Rc5 h3 26. gxh3 Rh8 27.
Rxe5 Rxh3 28. f4 Rh1+ 29. Kc2 Rh2+ 30. Kc1 Rh1+ 31. Kc2 Rf1 32. Ra5 Rf2+ 33. Kc1
Bc8 34. Rc5 Be6 35. Ra5 Rxf4 36. Rxa6 Rf1+ 37. Kc2 Rf2+ 38. Kc1 Rg2 39. a4 Rxg5
40. a5 Rg1+ 41. Kd2 Rg2+ 42. Kc1 Rg1+ 43. Kd2 g5 44. Ra8 Rg2+ 45. Ke3 Rxb2 46.
a6 Rb6 47. a7 Ra6 48. Nb5 Bd7 49. Rd8 Bxb5 50. a8=Q Rxa8 51. Rxa8 Bd7 52. Ra5
Kg6 53. Kf3 Be6 54. Rc5 Kh5 55. Kg3 Kg6 56. Kf3 f6 57. Rc6 Kf7 58. Ke3 Ke7 59.
Rc7+ Kd6 60. Rg7 Ke5 61. Ra7 Kd6 62. Ra6+ Ke7 63. Ra7+ Kd6 64. Ra6+ Ke5 65. Ra5+
Kd6 66. Ra6+ Ke5 67. Ra5+ Kd6 68. Ra6+ Ke7 69. Ra7+ Bd7 70. Rc7 Kd6 71. Rxc4 f5
72. Rd4+ Ke7 73. e5 Bc6 74. Rd6 f4+ 75. Kd4 Be8 76. Ra6 Bh5 77. Ra7+ Ke6 78.
Ra6+ Kf5 79. Rh6 Be8 80. Rf6+ Kg4 81. Rf8 Ba4 82. e6 Kg3 83. e7 f3 84. Ke3 g4
85. e8=Q Bxe8 86. Rxe8 Kg2 87. Rf8 Kg3 88. Rf4 Kh3 89. Kf2 Kh4 90. Rf8 1-0

[Event "FIDE World Blitz 2014"]
[Site "Dubai UAE"]
[Date "2014.06.20"]
[Round "19.50"]
[White "Faisal, Abdulla"]
[Black "Nezad, Husein Aziz"]
[Result "0-1"]
[WhiteTitle "CM"]
[BlackTitle "IM"]
[WhiteElo "2270"]
[BlackElo "2365"]
[WhiteFideId "9301232"]
[BlackFideId "12100293"]
[EventDate "2014.06.19"]

1. e4 e5 2. Nf3 Nc6 3. Bb5 f5 4. Nc3 fxe4 5. Nxe4 Nf6 6. Nxf6+ Qxf6 7. Qe2 Be7
8. Bxc6 bxc6 9. Qxe5 d6 10. Qxf6 Bxf6 11. d3 O-O 12. O-O Bg4 13. Nd2 Rae8 14.
Ne4 Bd4 15. c3 Bb6 16. Be3 Be2 17. Rfe1 Bxd3 18. Bxb6 axb6 19. Nd2 Kf7 20. f3 c5
21. Kf2 d5 22. Rad1 Bc2 23. Rc1 Bd3 24. Rcd1 Rxe1 25. Kxe1 Re8+ 26. Kf2 Re2+ 27.
Kg3 Bc2 0-1

[Event "FIDE World Blitz 2014"]
[Site "Dubai UAE"]
[Date "2014.06.20"]
[Round "19.51"]
[White "Al-Hajiri, Bader"]
[Black "Taleb, Moussa"]
[Result "0-1"]
[BlackTitle "GM"]
[WhiteElo "2095"]
[BlackElo "2406"]
[WhiteFideId "10300163"]
[BlackFideId "9300201"]
[EventDate "2014.06.19"]

1. e4 c5 2. Nf3 Nc6 3. d4 cxd4 4. Nxd4 g6 5. Nc3 Bg7 6. Be3 Qa5 7. Qd2 Nf6 8. f3
O-O 9. Bc4 Qb4 10. Bb3 Nxd4 11. Qxd4 Qa5 12. Qd2 d6 13. O-O-O Be6 14. Kb1 Bxb3
15. axb3 Qc7 16. g4 a5 17. h4 h5 18. Rdg1 Qc6 19. Bh6 a4 20. Bxg7 Kxg7 21. gxh5
Nxh5 22. Rg5 Rh8 23. Nxa4 b5 24. Nc3 Qa6 25. Kc1 Qb6 26. Rxb5 Ra1+ 27. Nb1 Qxb5
28. Qd4+ Qe5 29. Qe3 Qf4 30. Kd2 Qxe3+ 31. Kxe3 Nf6 32. c3 g5 33. Rg1 g4 34.
fxg4 Rxh4 35. g5 Nd7 36. Kd3 Rh2 37. b4 Rxb2 38. Kd4 0-1

[Event "FIDE World Blitz 2014"]
[Site "Dubai UAE"]
[Date "2014.06.20"]
[Round "20.2"]
[White "Aronian, Levon"]
[Black "Nepomniachtchi, Ian"]
[Result "1-0"]
[WhiteTitle "GM"]
[BlackTitle "GM"]
[WhiteElo "2815"]
[BlackElo "2730"]
[WhiteFideId "13300474"]
[BlackFideId "4168119"]
[EventDate "2014.06.19"]

1. Nf3 g6 2. e4 Nf6 3. e5 Nh5 4. d4 d6 5. Be2 Nc6 6. exd6 exd6 7. O-O Bg7 8. Bg5
Nf6 9. d5 Ne7 10. Bb5+ Bd7 11. Bxd7+ Qxd7 12. c4 O-O 13. Nc3 h6 14. Bd2 a6 15.
a4 Rae8 16. a5 Nf5 17. Qb3 Qc8 18. Rae1 Rxe1 19. Rxe1 Re8 20. Rxe8+ Nxe8 21. Ne4
Nf6 22. Nxf6+ Bxf6 23. h3 h5 24. Bc3 Bxc3 25. Qxc3 Qd8 26. Qb4 Qa8 27. b3 Qa7
28. Qc3 Qb8 29. Qe1 Qd8 30. Qb4 Qc8 31. g3 c5 32. Qe1 Qd8 33. Kg2 Kg7 34. h4 Nd4
35. Nxd4 cxd4 36. Qd2 Qf6 37. f4 Kg8 38. Kf3 Qf5 39. Qxd4 Qb1 40. Qc3 Qf1+ 41.
Ke3 Qg1+ 42. Kd2 Qb1 43. b4 Qa2+ 44. Kc1 Kf8 45. Kd1 Qb1+ 46. Kd2 Qa2+ 47. Qc2
Qa1 48. Qc3 Qa2+ 49. Kc1 Ke7 50. Qe3+ Kf8 51. Qc3 Ke7 52. Qe1+ Kf8 53. Qc3 Ke7
54. Kd1 Kf8 55. Ke1 Qb1+ 56. Ke2 Qa2+ 57. Kf3 Qb1 58. Kf2 Qa2+ 59. Ke3 Qg2 60.
Qe1 Qc2 61. Kd4 Qb2+ 62. Kd3 Qb3+ 63. Qc3 Qd1+ 64. Ke3 Qg1+ 65. Ke2 Qg2+ 66. Kd1
Qa2 67. Kc1 Ke7 68. b5 axb5 69. cxb5 Qxd5 70. a6 bxa6 71. bxa6 Qg2 72. Qc7+ Kf8
73. a7 Qf1+ 74. Kb2 1-0

[Event "FIDE World Blitz 2014"]
[Site "Dubai UAE"]
[Date "2014.06.20"]
[Round "20.9"]
[White "Iturrizaga Bonelli, Eduardo"]
[Black "Bacrot, Etienne"]
[Result "1/2-1/2"]
[WhiteTitle "GM"]
[BlackTitle "GM"]
[WhiteElo "2653"]
[BlackElo "2720"]
[WhiteFideId "3901211"]
[BlackFideId "605506"]
[EventDate "2014.06.19"]

1. Nf3 g6 2. c4 Bg7 3. Nc3 Nf6 4. g3 O-O 5. Bg2 c5 6. d4 cxd4 7. Nxd4 Nc6 8. Nc2
d6 9. O-O Be6 10. Ne3 Qd7 11. Qd2 Bh3 12. Rb1 Bxg2 13. Kxg2 a6 14. b3 b5 15. Bb2
Rab8 16. Rfd1 Rfc8 17. Ncd5 Nxd5 18. cxd5 Bxb2 19. Rxb2 Ne5 20. Rc1 Ng4 21. Nxg4
Qxg4 22. f3 Qf5 23. e4 Qe5 24. Rc6 f5 25. exf5 Qxf5 26. Rbc2 Rf8 27. R2c3 a5 28.
Re3 Rb7 29. g4 Qg5 30. Qd4 b4 31. Kg3 Rb5 32. Rd3 Rb7 33. h4 Qh6 34. Qe4 Qg7 35.
Rd1 Qf7 36. Ra6 Rc7 37. Rc6 Rb7 38. Rd3 Qf6 39. Qd4 Qxd4 40. Rxd4 Rb5 41. Rc7
Kf7 42. Rf4+ Kg8 43. Re4 Re8 44. Rexe7 Rxe7 45. Rxe7 Rxd5 46. Kf4 h6 47. Ra7 g5+
48. hxg5 hxg5+ 49. Ke4 Re5+ 50. Kd4 Kf8 51. Rd7 Re2 52. Rxd6 Rxa2 53. Ra6 Ra3
54. Ke4 Kf7 55. Kf5 Rxb3 56. Ra7+ Ke8 57. Rxa5 Rxf3+ 58. Kxg5 b3 59. Rb5 Kf7 60.
Rb7+ Ke6 61. Kg6 Kd5 62. g5 Kc4 63. Kh7 Rh3+ 64. Kg7 Kc3 65. g6 b2 66. Kg8 Kc2
67. Rxb2+ Kxb2 68. g7 Rg3 69. Kf8 Rxg7 70. Kxg7 1/2-1/2

[Event "FIDE World Blitz 2014"]
[Site "Dubai UAE"]
[Date "2014.06.20"]
[Round "20.11"]
[White "Cheparinov, Ivan"]
[Black "Andriasian, Zaven"]
[Result "1/2-1/2"]
[WhiteTitle "GM"]
[BlackTitle "GM"]
[WhiteElo "2682"]
[BlackElo "2611"]
[WhiteFideId "2905540"]
[BlackFideId "13302000"]
[EventDate "2014.06.19"]

1. d4 d5 2. c4 c6 3. Nf3 Nf6 4. e3 Bg4 5. Nc3 e6 6. h3 Bxf3 7. Qxf3 Nbd7 8. Bd3
Bb4 9. O-O O-O 10. Rd1 Re8 11. Qe2 Nb6 12. c5 Nbd7 13. a3 Ba5 14. b4 Bc7 15. f4
a6 16. Bd2 Nf8 17. Rf1 Qe7 18. Qf3 N6d7 19. Rae1 f5 20. g4 g6 21. g5 b6 22. cxb6
Nxb6 23. Rb1 Bd6 24. Rfc1 Rec8 25. Qd1 Ra7 26. Na4 Nxa4 27. Qxa4 Qb7 28. Rc3 Nd7
29. Rbc1 Nb8 30. Qc2 h6 31. h4 Qh7 32. Bf1 hxg5 33. hxg5 Qh5 34. Qd1 Qh8 35. Be1
Rcc7 36. R3c2 Rh7 37. Bg2 Rhc7 38. Qe2 Rab7 39. Qd2 Qg7 40. Qd3 Qf8 41. Bd2 Qe7
42. Kf2 Qf8 43. Rh1 Rh7 44. Rxh7 Rxh7 45. Rc1 Rb7 46. Bf3 Rh7 47. Rh1 Rxh1 48.
Bxh1 Qe7 49. Bf3 Qh7 50. Kg2 Qb7 51. Be2 Kf8 52. Qc2 Ke8 53. Qc1 Qh7 54. Qf1 Qh4
55. Be1 Qh7 56. Bc3 Qh4 57. Be1 Qh7 58. Bd2 Qh4 59. Bf3 Qh7 60. Qd3 Qb7 61. Qf1
Qh7 62. Qc1 Qh4 63. Be1 Qh7 64. Be2 Qb7 65. Bd2 Kf8 66. Qh1 Kg8 67. Qh6 Qf7 68.
Qh1 Qb7 69. Kf2 Qf7 70. Bd3 Qb7 71. Ke2 Qf7 72. Bc3 Qb7 73. Kd2 Qf7 74. Kc2 Bf8
75. Bd2 Qb7 76. Bc3 Nd7 77. Qf1 Nb8 78. Bd2 Bd6 79. Bc3 Bf8 80. Be1 Bd6 81. Bd2
Bf8 82. Bc3 Bd6 83. Kd2 Bf8 84. Be2 Bd6 85. Kc2 Bf8 86. Bd2 Bd6 87. Bc3 Bf8 88.
Kd2 Bd6 89. Qd1 Bf8 90. Qf1 Bd6 91. Qh1 Bf8 92. Bd3 Bd6 93. Kc2 Bf8 94. Bd2 Bd6
95. Kc1 Bf8 96. Qd1 Bd6 97. Qa4 Qb6 98. Kc2 Bf8 99. Bc3 Kf7 100. Kb3 Bd6 101.
Ka2 Kf8 102. Qd1 Kg8 103. Qf1 Bf8 104. Qh1 Qb7 105. Qf1 Qb6 106. Qe1 Qb7 107. a4
Qh7 108. Qe2 Qb7 109. Qd2 Qh7 110. Qe2 Qb7 111. Qd2 Qh7 112. a5 Qb7 113. Ka3 Qc7
114. Ka4 Qb7 115. Qe2 Bd6 116. Qd2 Bf8 117. Qe2 Bd6 118. Qd2 Bf8 119. Qe2 1/2-1/2

[Event "FIDE World Blitz 2014"]
[Site "Dubai UAE"]
[Date "2014.06.20"]
[Round "20.13"]
[White "Svidler, Peter"]
[Black "Matlakov, Maxim"]
[Result "1-0"]
[WhiteTitle "GM"]
[BlackTitle "GM"]
[WhiteElo "2753"]
[BlackElo "2689"]
[WhiteFideId "4102142"]
[BlackFideId "4168003"]
[EventDate "2014.06.19"]

1. b3 d5 2. Bb2 Nf6 3. e3 Bg4 4. f3 Bf5 5. g4 Bg6 6. h4 h6 7. Nh3 Nbd7 8. Nf4
Bh7 9. g5 hxg5 10. hxg5 Bxc2 11. Rxh8 Bxd1 12. gxf6 Nxf6 13. Kxd1 Qd7 14. Na3
O-O-O 15. Nc2 g5 16. Bh3 g4 17. fxg4 Ne4 18. Ke2 e6 19. Rf1 Ng3+ 20. Kd1 Nxf1
21. Bxf1 Bd6 22. Rh7 Rg8 23. Be2 c5 24. Ne1 d4 25. Ned3 dxe3 26. dxe3 c4 27.
bxc4 Qa4+ 28. Ke1 e5 29. Nd5 Qxc4 30. Nf6 e4 31. Nf2 Qb4+ 32. Kf1 Rd8 33. Bd4
Qb1+ 34. Kg2 Qxa2 35. Bf1 Bb4 36. Nxe4 Be1 37. Rh5 b6 38. Kf3 Kb7 39. Rf5 a5 40.
Rf6 Rxd4 41. exd4 a4 42. Bc4 Qa3+ 43. Nd3 Qa1 44. Rxf7+ Kb8 45. Rd7 Qd1+ 46. Kf4
Bd2+ 47. Ke5 Qxg4 48. Be6 Qh5+ 49. Bf5 Qh8+ 50. Kd5 Qg8+ 51. Be6 Qc8 52. Ne5 1-0

[Event "FIDE World Blitz 2014"]
[Site "Dubai UAE"]
[Date "2014.06.20"]
[Round "20.15"]
[White "Eljanov, Pavel"]
[Black "Caruana, Fabiano"]
[Result "1-0"]
[WhiteTitle "GM"]
[BlackTitle "GM"]
[WhiteElo "2723"]
[BlackElo "2791"]
[WhiteFideId "14102951"]
[BlackFideId "2020009"]
[EventDate "2014.06.19"]

1. d4 e6 2. c4 Bb4+ 3. Bd2 a5 4. g3 d6 5. Bg2 Nc6 6. e3 Nf6 7. Ne2 O-O 8. O-O e5
9. h3 Bxd2 10. Qxd2 Ne7 11. Nbc3 c6 12. Rad1 Qc7 13. b3 Ng6 14. f4 Re8 15. f5
Nf8 16. g4 h6 17. d5 Rd8 18. Ng3 Bd7 19. Nge4 N8h7 20. Qe2 a4 21. h4 Nxe4 22.
Nxe4 cxd5 23. cxd5 axb3 24. axb3 Qb6 25. Qf3 Ra3 26. g5 Rxb3 27. Rde1 f6 28. Kh1
hxg5 29. hxg5 Rb4 30. g6 Ng5 31. Nxg5 fxg5 32. e4 Rc8 33. Qh5 1-0

[Event "FIDE World Blitz 2014"]
[Site "Dubai UAE"]
[Date "2014.06.20"]
[Round "20.16"]
[White "Sargissian, Gabriel"]
[Black "Zhigalko, Sergei"]
[Result "1-0"]
[WhiteTitle "GM"]
[BlackTitle "GM"]
[WhiteElo "2686"]
[BlackElo "2678"]
[WhiteFideId "13300881"]
[BlackFideId "13502956"]
[EventDate "2014.06.19"]

1. d4 d5 2. c4 e6 3. Nf3 c6 4. Qb3 Nf6 5. g3 Be7 6. Bg2 O-O 7. O-O b6 8. Bf4 Bb7
9. Nc3 Nbd7 10. Ne5 Nxe5 11. dxe5 Nd7 12. Rfd1 g5 13. Be3 Nxe5 14. cxd5 cxd5 15.
Nb5 Qd7 16. Nd4 Nc4 17. Bc1 Nd6 18. Nf3 f6 19. Nd4 Rac8 20. h4 gxh4 21. Bf4 hxg3
22. Qxg3+ Kh8 23. Qh3 f5 24. Nf3 Bf6 25. Kf1 Rg8 26. Be5 Bxe5 27. Nxe5 Qg7 28.
Nf3 Qg4 29. Qh2 Nf7 30. Rac1 Qg7 31. Rxc8 Rxc8 32. b3 Ba6 33. Re1 Qb2 34. Qh4
Rc1 35. Rxc1 Qxc1+ 36. Ne1 Qg5 37. Qa4 Bb5 1-0

[Event "FIDE World Blitz 2014"]
[Site "Dubai UAE"]
[Date "2014.06.20"]
[Round "20.17"]
[White "Yu, Yangyi"]
[Black "Lu, Shanglei"]
[Result "1-0"]
[WhiteTitle "GM"]
[BlackTitle "GM"]
[WhiteElo "2675"]
[BlackElo "2546"]
[WhiteFideId "8603820"]
[BlackFideId "8603332"]
[EventDate "2014.06.19"]

1. e4 c5 2. Nf3 d6 3. d4 cxd4 4. Nxd4 Nf6 5. Nc3 a6 6. Be3 Ng4 7. Bc1 Nf6 8. Bg5
Nbd7 9. Qe2 b5 10. O-O-O Bb7 11. f4 Rc8 12. e5 Rxc3 13. exf6 gxf6 14. bxc3 fxg5
15. fxg5 Qc7 16. Qe3 Bg7 17. Bxb5 O-O 18. Bxd7 Qxd7 19. Rhf1 e6 20. Rf6 Bxf6 21.
gxf6 Kh8 22. Nb3 Qa4 23. Kb2 Bd5 24. Rd4 Qc6 25. Rg4 Rc8 26. Rg3 Be4 27. Qh6 1-0

[Event "FIDE World Blitz 2014"]
[Site "Dubai UAE"]
[Date "2014.06.20"]
[Round "20.18"]
[White "Safarli, Eltaj"]
[Black "Najer, Evgeniy"]
[Result "1/2-1/2"]
[WhiteTitle "GM"]
[BlackTitle "GM"]
[WhiteElo "2649"]
[BlackElo "2653"]
[WhiteFideId "13402129"]
[BlackFideId "4118987"]
[EventDate "2014.06.19"]

1. e4 c6 2. Nc3 d5 3. Nf3 Bg4 4. h3 Bxf3 5. Qxf3 Nf6 6. d3 e6 7. Bd2 Bb4 8. a3
Ba5 9. O-O-O Nbd7 10. g4 d4 11. Ne2 Bxd2+ 12. Rxd2 e5 13. g5 Ng8 14. h4 h6 15.
g6 fxg6 16. Bh3 Qf6 17. Qg3 Ne7 18. f4 exf4 19. Nxf4 Nc5 20. e5 Qf7 21. Kb1 O-O
22. Rf1 Nf5 23. Qxg6 Ne3 24. Rg1 Qxg6 25. Nxg6 Rf3 26. Bc8 Kh7 27. Bg4 Rf7 28.
b4 Na4 29. Be6 Rf3 30. h5 Re8 31. Bb3 Nc3+ 32. Kb2 Rf5 33. e6 Rxh5 34. e7 Ncd5
35. Nf8+ Kg8 36. Ne6 Rxe7 37. Nxd4 Kh7 38. Rf2 Rg5 39. Rh1 Kg6 40. c4 Nf6 41.
Nf3 Rg3 42. d4 Ne4 43. Nh4+ Kh7 44. Re2 g5 45. c5 gxh4 46. Rxh4 Rf3 47. a4 Rf2
48. Rxf2 Nxf2 49. Kc3 Ne4+ 50. Kd3 Nf2+ 51. Kc3 Nd5+ 52. Bxd5 cxd5 53. b5 Ne4+
54. Kb4 Kg6 55. a5 h5 56. Rh1 Nf6 57. c6 bxc6 58. bxc6 Kg5 59. Kc5 Rf7 60. Kd6
h4 61. Rg1+ Kh5 62. Ke6 Rf8 63. Ke7 Nh7 64. Rg7 Rh8 65. c7 Ng5 66. Kd7 h3 67.
Re7 h2 68. Re1 Nf3 69. Rh1 Kg4 70. c8=Q Rxc8 71. Kxc8 Kg3 72. Kb7 Nxd4 73. a6
Kg2 74. Rxh2+ Kxh2 75. Kxa7 Nb5+ 76. Kb6 Nd6 77. Kc6 Nc8 78. a7 Nxa7+ 79. Kxd5 1/2-1/2

[Event "FIDE World Blitz 2014"]
[Site "Dubai UAE"]
[Date "2014.06.20"]
[Round "20.19"]
[White "Inarkiev, Ernesto"]
[Black "Vitiugov, Nikita"]
[Result "0-1"]
[WhiteTitle "GM"]
[BlackTitle "GM"]
[WhiteElo "2682"]
[BlackElo "2742"]
[WhiteFideId "4162722"]
[BlackFideId "4152956"]
[EventDate "2014.06.19"]

1. Nf3 c5 2. e4 e6 3. d3 Nc6 4. g3 Nge7 5. Bg2 g6 6. c3 Bg7 7. O-O O-O 8. Re1 e5
9. Nbd2 d6 10. a4 h6 11. Nc4 Be6 12. Nfd2 f5 13. exf5 gxf5 14. f4 Qd7 15. Nf1
Ng6 16. fxe5 dxe5 17. Be3 b6 18. Qh5 Kh7 19. Bxh6 Bxh6 20. Bxc6 Qxc6 21. Qxg6+
Kxg6 22. Nxe5+ Kf6 23. Nxc6 f4 24. Ne5 Bh3 25. d4 cxd4 26. cxd4 Rac8 27. Re2 Kg7
28. Rf2 fxg3 29. hxg3 Rxf2 30. Kxf2 Rc2+ 31. Kf3 Rxb2 32. g4 Bg2+ 33. Kg3 Bd5
34. Nh2 Be3 35. Nhf3 Rb3 36. Kh4 Bf4 37. Ng5 Rb2 38. Ngf3 Rf2 39. Ra3 Rf1 40. g5
Be6 41. Ng4 Rh1+ 42. Nfh2 Bxh2 43. Nxh2 Rxh2+ 44. Kg3 Rh3+ 0-1

[Event "FIDE World Blitz 2014"]
[Site "Dubai UAE"]
[Date "2014.06.20"]
[Round "20.21"]
[White "Maletin, Pavel"]
[Black "Dubov, Daniil"]
[Result "0-1"]
[WhiteTitle "GM"]
[BlackTitle "GM"]
[WhiteElo "2588"]
[BlackElo "2614"]
[WhiteFideId "4146786"]
[BlackFideId "24126055"]
[EventDate "2014.06.19"]

1. c4 e5 2. g3 Nf6 3. Bg2 d5 4. cxd5 Nxd5 5. Nc3 Nxc3 6. bxc3 Nc6 7. Rb1 Bc5 8.
Qa4 Bb6 9. Nf3 O-O 10. O-O Bd7 11. Qc2 Be6 12. d3 Qd7 13. Ng5 Bf5 14. Ba3 Rfe8
15. Ne4 Bh3 16. Nc5 Bxc5 17. Bxc5 Bxg2 0-1

[Event "FIDE World Blitz 2014"]
[Site "Dubai UAE"]
[Date "2014.06.20"]
[Round "20.22"]
[White "Riazantsev, Alexander"]
[Black "Potkin, Vladimir"]
[Result "1/2-1/2"]
[WhiteTitle "GM"]
[BlackTitle "GM"]
[WhiteElo "2692"]
[BlackElo "2621"]
[WhiteFideId "4125029"]
[BlackFideId "4131061"]
[EventDate "2014.06.19"]

1. d4 d5 2. c4 e6 3. Nf3 Nf6 4. Nc3 c6 5. cxd5 exd5 6. Qc2 Be7 7. h3 O-O 8. Bf4
Na6 9. e3 Nb4 10. Qb1 g6 11. g4 c5 12. a3 Nc6 13. Bg2 cxd4 14. Nxd4 Nxd4 15.
exd4 Bd6 16. Be5 Bxe5 17. dxe5 Re8 18. f4 Qb6 19. Qd3 d4 20. Ne2 Nd7 21. Qxd4
Nc5 22. O-O Be6 23. f5 Rad8 24. Qe3 Bc4 25. Kh1 Bxe2 26. Qxe2 Nd3 27. e6 fxe6
28. fxg6 hxg6 29. Rab1 Qd4 30. Qe4 Qxe4 31. Bxe4 g5 32. Bxb7 Nf4 33. h4 Re7 34.
Be4 Rd4 35. Rbe1 Kg7 36. hxg5 e5 37. Bf5 Rb7 38. Rf2 Nh3 39. Rh2 Nxg5 40. b4 e4
41. Rh5 Kf6 42. Kg2 Rg7 43. Re3 Ke5 44. Rh6 Kf4 45. Re2 Nf3 46. Re6 Ne5 47. Re8
e3 48. Rxe3 Kxe3 49. Rxe5+ Kd2 50. Kf3 Kc3 51. Ra5 Rd6 52. Kf4 Rf6 53. Ke5 Rf8
54. b5 Kc4 55. a4 Kb4 56. Ra6 Re7+ 57. Kf4 Rg7 58. Ke5 Re7+ 59. Kf4 Rg7 60. Ke5
Re7+ 61. Be6 Rg7 62. Bf5 Re7+ 63. Kf4 Rg7 64. Ke5 Re7+ 65. Kd6 Rg7 66. Kd5 Rd8+
67. Ke5 Rf8 68. Rf6 Re8+ 69. Re6 Rxe6+ 70. Kxe6 Kxa4 71. Kf6 Rg8 72. Bd7 Kb4 73.
g5 Ka5 74. g6 a6 75. bxa6 Kxa6 1/2-1/2

[Event "FIDE World Blitz 2014"]
[Site "Dubai UAE"]
[Date "2014.06.20"]
[Round "20.23"]
[White "Fedoseev, Vladimir3"]
[Black "Amin, Bassem"]
[Result "1-0"]
[WhiteTitle "GM"]
[BlackTitle "GM"]
[WhiteElo "2662"]
[BlackElo "2635"]
[WhiteFideId "24130737"]
[BlackFideId "10601457"]
[EventDate "2014.06.19"]

1. Nf3 e6 2. c4 f5 3. g3 Nf6 4. Bg2 Be7 5. O-O O-O 6. d4 d6 7. Nc3 Qe8 8. Re1
Ne4 9. Qc2 Qg6 10. Bf4 Bf6 11. Rad1 Nc6 12. Nb5 Qf7 13. d5 Nb4 14. Qa4 a5 15. a3
Nc5 16. Qxa5 Rxa5 17. axb4 Rxb5 18. cxb5 Na4 19. Bc1 Nxb2 20. dxe6 Bxe6 21. Bxb2
Bxb2 22. Ng5 Qe7 23. Nxe6 Bc3 24. Rf1 Ra8 25. Bxb7 Ra4 26. Bd5 Kh8 27. Rc1 Ra3
28. Rfd1 h6 29. Rd3 Qf6 30. Kg2 Qe5 31. Nxc7 Bxb4 32. Rxa3 Bxa3 33. b6 Bc5 34.
b7 Ba7 35. Bf3 Qd4 36. e3 Qb2 37. Rf1 Bxe3 38. h4 g5 39. hxg5 hxg5 40. Ne6 g4
41. Bd5 Ba7 42. Rh1+ Kg8 43. Nf4+ Kg7 44. Rf1 Kf6 45. Bc6 Qb6 46. Nd5+ 1-0

[Event "FIDE World Blitz 2014"]
[Site "Dubai UAE"]
[Date "2014.06.20"]
[Round "20.24"]
[White "Al-Modiahki, Mohamad"]
[Black "Meier, Georg"]
[Result "0-1"]
[WhiteTitle "GM"]
[BlackTitle "GM"]
[WhiteElo "2549"]
[BlackElo "2632"]
[WhiteFideId "12100030"]
[BlackFideId "4675789"]
[EventDate "2014.06.19"]

1. e4 e6 2. Nf3 d5 3. e5 c5 4. b4 b6 5. a3 Ne7 6. Bb2 Nec6 7. b5 Na5 8. d4 Bb7
9. Nbd2 Be7 10. Bc3 Nd7 11. Be2 Rc8 12. Bxa5 bxa5 13. c3 O-O 14. O-O Qb6 15. Qa4
c4 16. Rfb1 Rc7 17. Qc2 a6 18. a4 axb5 19. axb5 Qa7 20. h4 h6 21. Nf1 Nb6 22.
Ng3 a4 23. Qd2 Qb8 24. Bd1 Bc8 25. Bxa4 Nxa4 26. Rxa4 Rb7 27. Ra5 Bd8 28. Raa1
Rxb5 29. Qc2 Bd7 30. h5 Be7 31. Nd2 Qb7 32. Rxb5 Qxb5 33. Rb1 Qa4 34. Qxa4 Bxa4
35. Rb7 Re8 36. Ne2 Bc2 37. g4 Bd3 38. Nf4 Bg5 39. Nxd3 Bxd2 40. Nc5 Bxc3 0-1

[Event "FIDE World Blitz 2014"]
[Site "Dubai UAE"]
[Date "2014.06.20"]
[Round "20.26"]
[White "Van Wely, Loek"]
[Black "Onischuk, Vladimir"]
[Result "1-0"]
[WhiteTitle "GM"]
[BlackTitle "GM"]
[WhiteElo "2654"]
[BlackElo "2594"]
[WhiteFideId "1000268"]
[BlackFideId "14114038"]
[EventDate "2014.06.19"]

1. d4 d6 2. Nf3 g6 3. g3 Bg7 4. Bg2 Nf6 5. c4 O-O 6. O-O Nc6 7. Nc3 e5 8. d5 Nb8
9. e4 a5 10. Ne1 Na6 11. Nd3 Nd7 12. Rb1 Ndc5 13. Be3 f5 14. f4 exf4 15. Nxf4
Bxc3 16. bxc3 Nxe4 17. Bd4 Nac5 18. Qe2 b6 19. g4 Qh4 20. Rbe1 Bd7 21. gxf5 Bxf5
22. Ne6 Bg4 23. Qe3 Rxf1+ 24. Rxf1 Bxe6 25. dxe6 Re8 26. Qf3 Ng5 27. Qf6 Nh3+
28. Bxh3 Qxf6 29. Rxf6 Ne4 30. Rf1 Ng5 31. Bg2 Nxe6 32. Bd5 c5 33. Bf6 Kf7 34.
Bh4+ Kg7 35. Bf6+ Kf7 36. Bh4+ Kg7 37. Re1 Nc7 38. Rxe8 Nxe8 39. Be7 a4 40. Kf2
h6 41. h4 g5 42. hxg5 hxg5 43. Bxg5 Kg6 44. Bd8 Kf5 45. Kf3 Ke5 46. Bxb6 Nf6 47.
Bc6 Nh7 48. Bxa4 1-0